Loading...
Bibliography in the bookshop /
| Main Author: | |
|---|---|
| Format: | Printed Book |
| Language: | English |
| Published: |
London :
Andre Deutsch,
1972.
|
| Edition: | 2nd. ed. |
| LEADER | 00467nam a2200133Ia 4500 | ||
|---|---|---|---|
| 008 | 150624b xxu||||| |||| 00| 0 eng d | ||
| 082 | |a 658.8090706 | ||
| 100 | |a Smith, F. Seymour | ||
| 245 | |a Bibliography in the bookshop / |c F. Seymour Smith | ||
| 250 | |a 2nd. ed. | ||
| 260 | |a London : |b Andre Deutsch, |c 1972. | ||
| 942 | |c BK | ||
| 999 | |c 5288 |d 5288 | ||
| 952 | |0 0 |1 0 |4 0 |6 658_809070570000000_SMI_B |7 0 |9 5287 |a UL |b UL |c SEC |d 1998-09-01 |l 0 |o 658.80907057 SMI/B |p 9240 |r 2012-10-27 |w 2012-10-27 |y BK | ||